Online
Catalog

Nuestra señora de París : (Record no. 4692)

MARC details
000 -CABECERA
campo de control de longitud fija 00788cam a2200241 a 4500
001 - NÚMERO DE CONTROL
campo de control 000004886
003 - IDENTIFICADOR DEL NÚMERO DE CONTROL
campo de control DO-SdBNP
005 - FECHA Y HORA DE LA ÚLTIMA TRANSACCIÓN
campo de control 20250702100539.0
008 - DATOS DE LONGITUD FIJA--INFORMACIÓN GENERAL
campo de control de longitud fija 790118s1940 ag 000 1 spa
040 ## - FUENTE DE LA CATALOGACIÓN
Centro catalogador/agencia de origen DO-SdBNP
Lengua de catalogación spa
Centro/agencia transcriptor BNPHU
041 17 - CÓDIGO DE LENGUA
Código de lengua del texto/banda sonora o título independiente spa
Código de lengua original fre
082 #4 - NÚMERO DE LA CLASIFICACIÓN DECIMAL DEWEY
Número de clasificación 843.7
Número de documento/Ítem H895n
100 1# - ENTRADA PRINCIPAL--NOMBRE DE PERSONA
Nombre de persona Hugo, Víctor,
Fechas asociadas al nombre 1802-1885.
9 (RLIN) 13708
240 00 - TÍTULO UNIFORME
Título uniforme Notre-dame de París,
Lenguaje de la obra Español
245 10 - MENCIÓN DE TÍTULO
Título Nuestra señora de París :
Resto del título novela /
Mención de responsabilidad, etc. Víctor Hugo ; traducción John Sturrock.
260 ## - PUBLICACIÓN, DISTRIBUCIÓN, ETC.
Lugar de publicación, distribución, etc. Buenos Aires ; :
Nombre del editor, distribuidor, etc. Sopena Argentina,
Fecha de publicación, distribución, etc. 1940.
300 ## - DESCRIPCIÓN FÍSICA
Extensión 253 p. ;
Dimensiones 18 cm.
490 1# - MENCIÓN DE SERIE
Mención de serie Biblioteca Mundial Sopena
534 ## - NOTA SOBRE LA VERSIÓN ORIGINAL
Frase introductoria Traducción directa del frances:
Mención de título del original Notre-dame de Paris
700 1# - PUNTO DE ACCESO ADICIONAL--NOMBRE DE PERSONA
Nombre de persona Reta, Francisco,
Término indicativo de función/relación tr.
9 (RLIN) 14137
830 #0 - PUNTO DE ACCESO ADICIONAL DE SERIE-TÍTULO UNIFORME
Título uniforme Biblioteca Mundial Sopena
9 (RLIN) 14138
942 ## - ELEMENTOS DE PUNTO DE ACCESO ADICIONAL (KOHA)
Fuente del sistema de clasificación o colocación Dewey Decimal Classification
Tipo de ítem Koha Libro
Holdings
Estado de retiro Estado de pérdida Restricciones de uso No para préstamo Código de colección Localización permanente Ubicación/localización actual Ubicación en estantería Fecha de adquisición Número de inventario Total de préstamos Signatura topográfica completa Código de barras Fecha visto por última vez Precio válido a partir de Tipo de ítem Koha
    Préstamo interno   Monografías: Libros y Folletos General General En catalogación 27.07.2009 LF1   843.7 H895n 4886-10 25.06.2020 25.06.2020 Préstamo interno

Powered by Koha